| 000 | 00538nam a2200193 a 4500 | ||
|---|---|---|---|
| 005 | 20140310183312.0 | ||
| 008 | 051018s19uu xx 00 eng d | ||
| 020 | _a0764573276 | ||
| 050 |
_aTK 5105.888 _b.Sm615 2004 |
||
| 100 | _aSmith, Bud E. | ||
| 245 |
_aCreating web pages for dummies / _cby Bud E. Smith and Arthur Bebak. |
||
| 250 | _a7th ed. | ||
| 260 |
_aNew Jersey : _bWiley Pub. Inc, _c2004. |
||
| 300 |
_a362 p. : _bill. ; _c25 cm. |
||
| 521 | _aIT | ||
| 700 | _aBebak, Arthur | ||
| 942 |
_cBK _2lcc _kFOR |
||
| 999 |
_c21196 _d21196 |
||